Регионална библиотека "Любен Каравелов" - Русе

Самоковска везба (Запис номер 115289)

MARC детайли
000 -Лидер
Контролно поле с фиксирана дължина 01393nam a2200325 c 4500
003 - Код на организацията, давaща контролен номер
Контролно поле BLK
005 - Дата и час на последна редакция
Контролно поле 20230224153805.0
008 - Елементи от данни с фиксирана дължина
fixed length control field 180409b bul|||||r ||||||| ||bul||
010 ## - Наследен системен номер
LC control number KNG00120767000
040 ## - Източник на каталожния запис
Идентификатор на билиотеката - собственик на записа BLK
041 ## - Код за език
Код за езика на текст/звукозапис или на отделно заглавие Български
Код за езика КДБФ Български
080 ## - УДК
Текстов определител УДК Художествени ръкоделия
УДК код - определител по УДК 746
УДК определител (497.2)
УДК - код + определител 746(497.2)
080 ## - УДК
Текстов определител УДК Облекло. Носия. Мода. Накит. Вж и 613.4 ; 646 ; 687
УДК код - определител по УДК 391
УДК определител (497.2)
УДК - код + определител 391(497.2)
100 1# - Редна дума - Автор
Автор Митрева, Павлина
Авторска отговорност първи автор
R(LIN) 314034
139 ## - Редно поле
Редна дума Митрева, Павлина
Авторски знак Мито - М 72
245 10 - Сведения за заглавието
Заглавие Самоковска везба
Подзаглавни данни Моногр. изследване със 115 черно-бели и цв. ил. и граф. сх.
Редно поле (дума) Павлина Митрева.
257 ## - Страна на издаване
Страна на създаване/издаване България
260 ## - Област на издателските данни
-- София
Име на издателя, разпространителя и проч. Бълг. художник
Година на издаване 1982
300 ## - Физическа характеристика
Страници 152 с.
Илюстрации и др. с ил.
Размери/Мащаб 28 см
380 ## - Жанр
Жанр Изкуство
500 ## - Общи забележки
Забележка Библиогр. с. 132-138. - Рез. на англ., нем. ез.
650 #4 - Допълнително описание по предмет – тема
Основно описание – тема или топоним Шевици, български
9 (RLIN) 177812
650 #4 - Допълнително описание по предмет – тема
Основно описание – тема или топоним Народни носии, български
9 (RLIN) 262386
651 #4 - Допълнително описание по предмет - топоним
Географско понятие Самоковско
9 (RLIN) 179477
852 ## - Местоположение
Форматна сигнатура Цб ІІ 6200
856 4# - Електронен адрес и достъп
Електронен формат pdf - файл
Път до файла /url/
856 4# - Електронен адрес и достъп
Електронен формат pdf - файл
Път до файла /url/
942 ## - АРТИКУЛИ
Вид на библиотечния материал Книги
Скрит в OPAC Не
Koha issues (borrowed), all copies 5
944 ## - СЪЗДАВАНЕ И РЕДАКЦИЯ на ЗАПИСА
Създаване/Редакция Създаване
Дата на регистрацията/редакция 13.01.2011
Статус, дата на статуса добави в АБ / 12.01.2011
Служител, извършил регистрацията/редакцията Наталия_Любомирова
944 ## - СЪЗДАВАНЕ И РЕДАКЦИЯ на ЗАПИСА
Създаване/Редакция Редакция
Дата на регистрацията/редакция 27.08.2015
Статус, дата на статуса добави в АБ / 12.01.2011
Служител, извършил регистрацията/редакцията Геновева_Генчева
999 ## - СИСТЕМНИ КОНТРОЛНИ НОМЕРА
Koha biblionumber 115289
Koha biblioitemnumber 115289
Наличности
Код за отписване Код за изгубен артикул Източник на класификационната схема Код за повреда Коз за рестрикции Код за отдаване Артикулен № Име на библиотеката - собственик Име на библиотеката, в която се намира в момента Статус (Текущо местоположение) Дата на вписване в системата Местоположение - отдел Цена в лева Инвентарен номер Систематично азбучна сигнатура Баркод Номер на екземпляра Цена в евро Служебна бележка Служебен тип на артикула
  Не е изгубен Universal Decimal Classification Не е повреден без рестрикции заемане за дома 185161 Регионална библиотека "Любен Каравелов" Русе Регионална библиотека "Любен Каравелов" Русе Отдел Изкуство - подръчен фонд 1982-01-01 Отдел Изкуство - подръчен фонд 8.00 349190 746/М 72 120000349190 1 4.09 N: стар фонд Дата: 01.01.1982 Дата инв: 07.06.2012 Бележки инв: * Книги
  Не е изгубен Universal Decimal Classification Не е повреден само за читалня ползва се в читалня 185162 Регионална библиотека "Любен Каравелов" Русе Регионална библиотека "Любен Каравелов" Русе Хранилище 1982-01-01 Хранилище 8.00 347414 Цб ІІ 6200 120000347414 2 4.09 Дост: Dp Вид: Д N: стар фонд Дата: 01.01.1982 Книги
Vip Innovations Ltd, Rousse, Bulgaria 2025